000 00295nam a2200109Ia 4500
008 220204s9999 xx 000 0 und d
082 _a013.79236111
_bKUL
100 _aKULSHRESTH, S P
245 0 _aLabour literature: A bibliography. V 1
260 _aDelhi
_bLabour Department
_c1971
942 _cBK
999 _c22384
_d22384